| 000 | 00602nam a2200121Ia 4500 | ||
|---|---|---|---|
| 008 | 220615s9999||||xx |||||||||||||| ||und|| | ||
| 245 | 0 | _aTeacher Thinking & Professional Action | |
| 546 | _aEnglish[eng] | ||
| 650 | _astudent||education||interactive||teaching||prospective||teachers||planning||decisions||process||product | ||
| 700 | _aDenicolo, Pam||Kompf, Michael | ||
| 856 | _uhttps://library.oapen.org/bitstream/20.500.12657/24118/1/1006013.pdf||https://library.oapen.org/bitstream/20.500.12657/24118/1/1006013.pdf||https://library.oapen.org/bitstream/20.500.12657/24118/1/1006013.pdf | ||
| 942 | _cEB | ||
| 999 |
_c10014 _d10014 |
||